000 00873nam a2200313 4500
001 469875
003 DO-SdBNP
005 20151124140906.0
007 469875
008 960228s1993 sp | |||| ||spa
016 7 _a
_2BPMSU
017 _b
020 _a8434832089
035 _a
040 _aBPMSU
_bspa
_cBPMSU
_e
080 0 _a
100 1 _aMurciano, Carlos
_d1931-
245 1 3 _aLa bufanda amarilla y Don abecedario /
_cCarlos Murciano ; ilustraciones de Ángel Esteban
_h
250 _a2ª ed.
260 _aMadrid:
_bSM,
_c1993
300 _a95 p. ;
_bil.:
_c20 cm.
490 _aCatamarán.Serie azul
_v22
700 1 _aMurciano, Carlos
_d1931-
_tDon Abecedario
700 1 _aEsteban, Ángel
_d1948-
740 0 1 _aDon Abecedario.
830 _aCatamarán.
_pSerie azul
_v12
942 _2ddc
_cBK
956 _aVMATEO
_210
_320151124
_6BPMSU
_800151
999 _c8895
_d8895